书目信息 |
| 题名: |
现代化工信息资源实用手册
|
|
| 作者: | 蔡永源 主编 | |
| 分册: | ||
| 出版信息: | 北京 化学工业出版社 2004 |
|
| 页数: | ||
| 开本: | 29cm | |
| 丛书名: | ||
| 单 册: | ||
| 中图分类: | F426.22-62 | |
| 科图分类: | ||
| 主题词: | 工业经济--中国 | |
| 电子资源: | ||
| ISBN: | 7-5025-4979-X | |
| 000 | 00557nam0 2200181 450 | |
| 001 | 0754114953 | |
| 005 | 20070929150154.95 | |
| 010 | @a7-5025-4979-X | |
| 100 | @a20070929d km y0chiy0120 ea | |
| 101 | 0 | @achi |
| 200 | 1 | @a现代化工信息资源实用手册@Axian dai hua gong xin xi zi yuan shi yong shou ce@f蔡永源 主编@Fcai yong yuan zhu bian |
| 210 | @a北京@c化学工业出版社@d2004 | |
| 215 | @d29cm | |
| 606 | 0 | @a工业经济@x中国 |
| 690 | @aF426.22-62@v3 | |
| 701 | 0 | @a蔡永源@Acai yong yuan@4主编 |
| 801 | 0 | @aCN@bPFT@c20070929 |
| 905 | @a213230@dF426.22-62@eh14@f1 | |
| 现代化工信息资源实用手册/蔡永源 主编.-北京:化学工业出版社,2004 |
| 29cm |
| ISBN 7-5025-4979-X: |
| ● |
| 相关链接 |
|
|
|
|
正题名:现代化工信息资源实用手册
索取号:F426.22-62/h14
 
预约/预借
| 序号 | 登录号 | 条形码 | 馆藏地/架位号 | 状态 | 备注 |
| 1 | 6002933 | 260029338 | 密集书库-化学系/ [索取号:F426.22-62/h14] | 在馆 |